| 000 | 00769nam a2200241 a 4500 | ||
|---|---|---|---|
| 999 |
_c12111 _d12111 |
||
| 001 | 12111 | ||
| 003 | BD-JhCC | ||
| 005 | 20210315115524.0 | ||
| 008 | 200329s20092019b |||| ||a| 001 0 ben d | ||
| 020 | _a9847026400169 | ||
| 035 | _a(BD-JhCC)12111 | ||
| 040 |
_aBD-JhCC _dBD-JhCC |
||
| 041 | _abengali | ||
| 082 |
_a923.1 _bNEW 2019 |
||
| 100 | _aনিউটন,জুলফিকার | ||
| 245 |
_aবঙ্গবন্ধু গান্ধী লেনিন / _cজুলফিকার নিউটন । |
||
| 260 |
_aঢাকা: _bজনতা প্রকাশ; _c২০১৯. |
||
| 300 |
_a৪৪৮ পৃ. : _c২০ সেমি. |
||
| 600 | _aRahaman, shekh Mojibur | ||
| 650 | _aBiography | ||
| 942 |
_2ddc _cBK |
||